000 00396nam a2200133Ia 4500
008 151001s9999||||xx |||||||||||||| ||und||
100 _aसुदर्शन भाटीया
245 _aविश्र्वप्रसिध्द महापुरुषो के
250 _a1
260 _bकिताबहार
260 _c2009
300 _a120
365 _b21
999 _c994324
_d994321